Órdenes Monacales - Estadísticas

Estadísticas generales
  • Esta prueba ha sido intentada 19 veces
  • La puntuación promedio es 3 de 7
Estadísticas de respuestas
Hint Respuesta % Correcto
529 aprox. Subiaco (Italia) San Benito de Nursia Orden de San Benito
89%
1098 Cîteaux (Francia) San Roberto de Molesmes Orden del Císter
58%
910 Abadía de Cluny (Francia) Guillermo I de Aquitania Orden de Cluny
42%
1084 Grenoble (Francia) San Bruno y San Hugo Orden de los Cartujos
32%
2ª mitad del s.XIV Suroeste de Guadalajara (España) Pedro Fernández Pecha y Fernando Yáñez de Figueroa Orden de San Jerónimo
21%
1024-1025 Ermita de Camaldoli (Italia) San Romualdo Orden de la Camáldula
16%
1215 aprox. Hungría Beato Eusebio de Esztergom Orden de San Pablo
16%
No se encontraron pruebas coincidentes
Distribución de puntuación
Porcentaje de gente con cada puntuación
Porcentaje por número respondido
Historial de tus puntuaciones
No has intentado esta prueba.